000 00964 a2200241 4500
005 2008090108258.0
008 080901t xxu||||| |||| 00| 0 eng d
010 _aENG-87485
020 _a8183600573
_c165.00
035 _aEN-71018
037 _bD.B.Act / Pub
082 _a620.0042
100 _aVaishwanar, R. S.
245 _aFundamentals of design and manufacturing
_cby R. S. Vaishwanar , Rajesh Prashad and Subhash Chander
260 _aNew Delhi
_bJain Brothers
_c2007
270 _a16/873, East Park Road, Karol Bagh
_bNew Delhi
_e110005
_k011-23618426, 011-23619023
_mjain_bros@hotmail.com
300 _a814 p.
_c22 cm. (Pbk)
500 _aIncludes index
700 _aPrasad, Rajesh
700 _aSubhash Chander
942 _adpl
_cEN
_k620.0042 / VAI
_2ddc
_h620.0042
_mVAI
999 _c6576
_d6576